| Поле | Название | Значение |
| |
Тип записи |
a |
| |
Библиографический уровень |
m |
| 001 |
Контрольный номер |
RU/IS/BASE/415362634 |
| 005 |
Дата корректировки |
20250709132704.8 |
| 010 |
Индекс ISBN |
__ |
| d |
Цена |
160-00 |
| 101 |
Язык документа |
0_ |
| a |
Язык текста |
rus |
| 200 |
Заглавие и сведения об ответственности |
1_ |
| a |
Заглавие |
История одного волшебства |
| f |
Первые сведения об ответственности |
авт. сцен. Ольга Воронкова ; авт. текстов песен: Ольга Воронкова, Михаил Меркулов, Алексей Семашко ; авт. музыки Алексей Семашко |
| b |
Общее обозначение материала |
Электронный ресурс |
| 210 |
Выходные данные |
1_ |
| a |
Место издания |
Москва |
| c |
Издательство |
АРДИС |
| d |
Дата издания |
2012 |
| 215 |
Физическое описание |
__ |
| a |
Объем |
1 электрон. опт. диск (CD-ROM) (46 мин.), в футл. |
| c |
Иллюстрации/тип воспроизводства |
зв. |
| 225 |
Серия (Журнальная рубрика) |
2_ |
| a |
Серия (Журнальная рубрика) |
Музыкальная сказка |
| 300 |
Общие примечания |
__ |
| a |
Общие примечания |
Формат смешанный: CD + mp3 (320 Kbps, 16 bit, 44,1 kHz, Stereo) |
| 300 |
Общие примечания |
__ |
| a |
Общие примечания |
Загл. с этикетки диска |
| 606 |
Тематические рубрики |
__ |
| a |
Основная рубрика |
Музыка и зрелищные искусства |
| 606 |
Тематические рубрики |
__ |
| a |
Основная рубрика |
Художественная литература |
| 606 |
Тематические рубрики |
__ |
| a |
Основная рубрика |
Русская литература XX в. (произведения) |
| 610 |
Ключевые слова |
0_ |
| a |
Ключевые слова |
говорящая книга |
| a |
Ключевые слова |
детская литература |
| a |
Ключевые слова |
музыкальные сказки |
| a |
Ключевые слова |
русская советская литература |
| a |
Ключевые слова |
сказки |
| 686 |
Индексы других классификаций |
__ |
| a |
Индекс ББК |
Ср 85.38я04 |
| 686 |
Индексы других классификаций |
__ |
| a |
Индекс ББК |
84(2Рос=Рус)6-4я04 |
| 801 |
Источник записи |
_0 |
| a |
Страна |
RU |
| b |
Организация |
Центральная районная библиотека им. Г. А. Пирожникова |
| g |
Правила каталогизации |
ОКиО/Шумских |
| 801 |
Источник записи |
_1 |
| a |
Страна |
RU |
| b |
Организация |
Центральная районная библиотека им. Г. А. Пирожникова |
| g |
Правила каталогизации |
ОКиО/Шумских |
| 852 |
Данные о местонахождении |
__ |
| j |
Шифр хранения |
85.38 |
| i |
Авторский знак |
И 90 |
| b |
Сигла хранения |
ООЧ; 26; 29; 32 |
| 901 |
Тип документа |
__ |
| t |
Тип документа |
m |
| 905 |
Дата создания БЗ |
__ |
| a |
Дата создания БЗ |
2013.04.15 |
| 990 |
Данные о заказе (DOS) |
__ |
| j |
Количество экземпляров (DOS) |
4 |
| h |
N записи в КСУ для Б/У (DOS) |
2013-3 |